Cosas y gentes de antaño

Guardat en:
Dades bibliogràfiques
Autor principal: Fernández Guardia, Ricardo
Format: Llibre
Idioma:Undetermined
Publicat: San José, Costa Rica Trejos 1939
Edició:2
Matèries:
Etiquetes: Afegir etiqueta
Sense etiquetes, Sigues el primer a etiquetar aquest registre!

MARC

LEADER 00000nam a2200000Ia 4500
008 170316s9999 xx 000 0 und d
040 |a cru BVZT 
090 |a 868 F-7c 
100 |a Fernández Guardia, Ricardo 
245 |a Cosas y gentes de antaño 
250 |a 2 
260 |a San José, Costa Rica 
260 |b Trejos 
260 |c 1939 
300 |a 425 páginas 
650 |a LITERATURA COSTARRICENSE 
999 |c 11047  |d 11047 
942 |c 15 D  |h 868 F-7c  |2 z